000 00382cam a22001337a 4500
008 180718b1966 xxu||||| |||| 00| 0 eng d
082 _aT3471 N213s
100 _aSands, Saul S.
245 _aSetting advertising objectives
_cby Saul S. Sands
260 _aNew York
_bNational Industrial Conference Board
_c1966
300 _a94p.
650 _aSands, Saul S.
650 _aAdvertising
999 _c375861
_d375861